[Event "Twente Young Master op-C"]
[Site "Twente"]
[Date "2007.08.09"]
[Round "6"]
[White "Van der Auweraert, Jasper"]
[Black "Terlouw, Mario"]
[Result "1/2-1/2"]
[WhiteElo "1570"]
[BlackElo "1751"]
[PlyCount "79"]
[EventDate "2007.08.06"]
[EventType "swiss"]
[EventRounds "9"]
[EventCountry "NED"]
[SourceTitle "EXT 2008"]
[Source "ChessBase"]
[SourceDate "2007.11.25"]
[SourceVersion "1"]
[SourceVersionDate "2007.11.25"]
[SourceQuality "1"]

1. e4 e5 2. Nf3 Nc6 3. Bb5 Nf6 4. 0-0 a6 5. Ba4 b5 6. Bb3 Bc5 7. Re1 0-0 8. c3 d6 9. d4 Bb6 10. Bg5 Bg4 11. d5 Na5 12. Bc2 Kh8 13. h3 Bh5 14. b4 Nb7 15. a4 Qd7 16. Bxf6 gxf6 17. g4 Rg8 18. Nh2 Bg6 19. Nd2 c6 20. a5 Ba7 21. dxc6 Qxc6 22. Qf3 Rg7 23. Bb3 f5 24. Bd5 fxg4 25. Nxg4 Qc7 26. Kh2 Rf8 27. Rg1 Nd8 28. Rg3 Qe7 29. Nf6 Ne6 30. Rc1 Nf4 31. Ng4 Bh5 32. Rcg1 Rfg8 33. Nh6 Rxg3 34. Rxg3 Rxg3 35. Qxg3 Bg6 36. Qg4 f5 37. Nxf5 Bf7 38. Nxd6 Bxd5 39. Nf5 Bb8 40. Kg1 1/2-1/2

[Event "NED-ch U15"]
[Site "Venlo"]
[Date "2007.05.04"]
[Round "7"]
[White "Terlouw, Mario"]
[Black "Ten Hertog, Hugo"]
[Result "1/2-1/2"]
[WhiteElo "1689"]
[BlackElo "2032"]
[PlyCount "99"]
[EventDate "2007.04.30"]
[EventType "swiss"]
[EventRounds "9"]
[EventCountry "NED"]
[SourceTitle "EXT 2009"]
[Source "ChessBase"]
[SourceDate "2008.11.26"]
[SourceVersion "1"]
[SourceVersionDate "2008.11.26"]
[SourceQuality "1"]

1. e4 c5 2. Nf3 e6 3. c4 d6 4. b3 Nf6 5. Nc3 b6 6. d4 cxd4 7. Nxd4 Bb7 8. f3 a6 9. Be3 Nbd7 10. Qd2 Rc8 11. Be2 d5 12. exd5 exd5 13. 0-0 dxc4 14. Bxc4 b5 15. Rae1 Be7 16. Nf5 0-0 17. Bh6 Bc5+ 18. Kh1 Ne8 19. Bg5 Nef6 20. Bd5 Bb4 21. Bxb7 Rxc3 22. Ne7+ Kh8 23. Nd5 Qa5 24. a3 Qxa3 25. Nxc3 Qxb3 26. Bxf6 Nxf6 27. Re3 Rb8 28. Bd5 Bxc3 29. Rxc3 Qxd5 30. Qxd5 Nxd5 31. Rd3 Nb6 32. Rfd1 g6 33. Rd8+ Rxd8 34. Rxd8+ Kg7 35. Rd6 Na4 36. Rxa6 g5 37. Ra5 Nc3 38. Ra3 b4 39. Rb3 Nd5 40. Rd3 Nc3 41. Kg1 Kf6 42. Kf2 h5 43. Ke3 Ke5 44. Rd7 Ke6 45. Rb7 h4 46. Kd4 Ne2+ 47. Kc4 Nf4 48. g3 hxg3 49. hxg3 Ne2 50. g4 1/2-1/2

[Event "NED-ch U15"]
[Site "Venlo"]
[Date "2007.05.03"]
[Round "6"]
[White "Schippers, Maurice"]
[Black "Terlouw, Mario"]
[Result "1-0"]
[WhiteElo "1921"]
[BlackElo "1689"]
[PlyCount "62"]
[EventDate "2007.04.30"]
[EventType "swiss"]
[EventRounds "9"]
[EventCountry "NED"]
[SourceTitle "EXT 2009"]
[Source "ChessBase"]
[SourceDate "2008.11.26"]
[SourceVersion "1"]
[SourceVersionDate "2008.11.26"]
[SourceQuality "1"]

1. e4 e5 2. Nf3 Nc6 3. d4 exd4 4. Nxd4 Bb4+ 5. c3 Bc5 6. Be3 Bb6 7. Bc4 Nf6 8. Nxc6 bxc6 9. Bxb6 axb6 10. e5 Qe7 11. 0-0 Ne4 12. Qd4 0-0 13. Qxe4 d5 14. Bxd5 cxd5 15. Qxd5 Ra5 16. Qf3 Rxe5 17. Na3 c5 18. Nc4 Bb7 19. Qh3 Rg5 20. Ne3 f5 21. Rfe1 Qf7 22. f4 Rg6 23. c4 Bc8 24. Rad1 Qb7 25. Rd2 Rff6 26. Nd5 Re6 27. Red1 Rd6 28. Qh4 Kf7 29. Qh5 Kg8 30. g3 Qd7 31. Nxb6 Qd8 1-0

[Event "NED-ch U15"]
[Site "Venlo"]
[Date "2007.05.02"]
[Round "5"]
[White "Terlouw, Mario"]
[Black "Evengroen, Henk Jan"]
[Result "1/2-1/2"]
[WhiteElo "1689"]
[BlackElo "1845"]
[PlyCount "33"]
[EventDate "2007.04.30"]
[EventType "swiss"]
[EventRounds "9"]
[EventCountry "NED"]
[SourceTitle "EXT 2009"]
[Source "ChessBase"]
[SourceDate "2008.11.26"]
[SourceVersion "1"]
[SourceVersionDate "2008.11.26"]
[SourceQuality "1"]

1. e4 e5 2. Nf3 Nc6 3. Nc3 Nf6 4. d3 Bb4 5. Bd2 d5 6. a3 Ba5 7. Nxd5 Nxd5 8. exd5 Qxd5 9. Bxa5 Nxa5 10. h3 0-0 11. Qd2 b6 12. Be2 Bb7 13. 0-0 Rad8 14. Qc3 e4 15. dxe4 Qxe4 16. Bd3 Qf4 17. Qe5 1/2-1/2

[Event "Hengelo U12 op"]
[Site "Hengelo"]
[Date "2005.08.12"]
[Round "11"]
[White "Terlouw, Mario"]
[Black "Schakel, Milly"]
[Result "0-1"]
[WhiteElo "1550"]
[BlackElo "1579"]
[PlyCount "64"]
[EventDate "2005.08.??"]
[EventType "swiss"]
[EventRounds "13"]
[EventCountry "NED"]
[SourceTitle "CBM 107 Extra"]
[Source "ChessBase"]
[SourceDate "2005.09.01"]
[SourceVersion "1"]
[SourceVersionDate "2005.09.01"]
[SourceQuality "1"]

1. e4 c6 2. d4 d5 3. exd5 cxd5 4. Bd3 Nc6 5. Nf3 Bg4 6. c3 Nf6 7. Bg5 e6 8. Nbd2 Be7 9. Qb1 h6 10. Bh4 Nd7 11. Bxe7 Qxe7 12. h3 e5 13. dxe5 Bxf3 14. Nxf3 Ncxe5 15. Nxe5 Qxe5+ 16. Be2 0-0 17. Qc2 Rfe8 18. Kf1 Rac8 19. Qd2 Nf6 20. Re1 Qf5 21. Qd3 Ne4 22. Kg1 Qxf2+ 23. Kh2 Qf4+ 24. Kg1 Nf2 25. Qxd5 Nxh1 26. Rf1 Qc7 27. Bh5 g6 28. Bxg6 Qb6+ 29. Kxh1 Qxg6 30. Rf4 Re1+ 31. Kh2 Qe6 32. Rg4+ Kf8 0-1

[Event "Hengelo U12 op"]
[Site "Hengelo"]
[Date "2005.08.08"]
[Round "1"]
[White "Ferrier, Ines"]
[Black "Terlouw, Mario"]
[Result "0-1"]
[WhiteElo "1062"]
[BlackElo "1550"]
[PlyCount "54"]
[EventDate "2005.08.??"]
[EventType "swiss"]
[EventRounds "13"]
[EventCountry "NED"]
[SourceTitle "CBM 107 Extra"]
[Source "ChessBase"]
[SourceDate "2005.09.01"]
[SourceVersion "1"]
[SourceVersionDate "2005.09.01"]
[SourceQuality "1"]

1. e4 e5 2. Nc3 Nc6 3. Nf3 Nf6 4. Bc4 Nxe4 5. Nxe4 d5 6. Bb5 dxe4 7. Ng1 Qd5 8. Be2 Bc5 9. b3 Qd4 10. Nh3 Bxh3 11. Rf1 Qxa1 12. c3 Bf5 13. f3 0-0-0 14. fxe4 Bxe4 15. Rxf7 Rhf8 16. Rxg7 Bf2+ 17. Kf1 Bh4+ 18. Kg1 Rf2 19. Bc4 Rdxd2 20. Be6+ Kb8 21. Qxd2 Rxd2 22. Rg8+ Rd8 23. Rxd8+ Nxd8 24. Bc4 Qxc1+ 25. Bf1 Bd3 26. h3 Bg3 27. c4 Qxf1# 0-1

[Event "NED-ch U13"]
[Site "Rijswijk"]
[Date "2005.05.07"]
[Round "8"]
[White "Ten Holte, Benjamin"]
[Black "Terlouw, Mario"]
[Result "0-1"]
[WhiteElo "1597"]
[BlackElo "1526"]
[PlyCount "52"]
[EventDate "2005.05.05"]
[EventType "swiss"]
[EventRounds "9"]
[EventCountry "NED"]
[SourceTitle "EXT 2013"]
[Source "ChessBase"]
[SourceDate "2012.11.22"]
[SourceVersion "1"]
[SourceVersionDate "2012.11.22"]
[SourceQuality "1"]

1. e4 e5 2. Nf3 Nc6 3. Bc4 Nf6 4. Ng5 d5 5. exd5 Na5 6. Bb5+ c6 7. dxc6 bxc6 8. Be2 h6 9. Nf3 e4 10. Ne5 Bc5 11. c3 Qc7 12. d4 Bd6 13. f4 exf3 14. Nxf3 0-0 15. 0-0 Bg4 16. h3 Be6 17. b3 Ne4 18. Be3 Ng3 19. Re1 Rfe8 20. Qc1 Bxb3 21. Bxh6 Nxe2+ 22. Rxe2 Rxe2 23. Qg5 f6 24. Qg4 Be6 25. Qg6 Qf7 26. Qxf7+ Bxf7 0-1